| 000 | 00777nam a2200241Ia 4500 | ||
|---|---|---|---|
| 999 |
_c49634 _d49634 |
||
| 001 | 16566 | ||
| 003 | GE_BSU | ||
| 005 | 20250128173804.0 | ||
| 008 | 181216s1978||||ru |||||||||||||| ||rus|| | ||
| 040 | _cGE_BSU | ||
| 041 | _arus | ||
| 080 | _a821.161.1-1 б-70 | ||
| 100 |
_aБлок, А. _924160 |
||
| 245 |
_aИзбранное : _b Стихотворения и поэмы / _cA. Блок ; Сост. В. Г. Фридлянд ; Вступ. статья К. И. Чуковского ; Илл. чуд. И. С. Глазунова. |
||
| 260 | _aМосква | ||
| 260 | _bПравда | ||
| 260 | _c1978 | ||
| 300 |
_a180 стр. ; _c21см. |
||
| 541 | _h6л. | ||
| 653 | _aИзбранное | ||
| 653 | _aСтихотворения и поэмы | ||
| 942 |
_cBK _2udc |
||